1434 1605 1248 1362 1775 1974 1474 1417 1133 1681 1918 1297 1678 1294 1964 1816 1801 1491 1400 1640 1843 1851 1328 1464 1841 1633 1951 1917 1090 1698 1251 1451 1934 1099 1796 1509 1353 1954 1628 1143 1563 1226 1706 1140 1354 1851 1352 1657 1244 1620 1496 1677 1489 1530 1048 1585 1449 1123 1955 1952 1103 1915 1104 1741 1327 1387 1490 1673 1695 1096 1877 1355 1493 1481 1743 1757 1234 1301 1242 1687 1403 1394 1138 1872 1269 1578 1651 1471 1411 1592 1383 2000 1019 1957 1342 1833 1718 1638 1293 BCNSPRNW ULIB Ver.6.0+V

เปลี่ยนเป็นภาษาไทย

Change to English
 แสดงรายละเอียดบรรณานุกรม
  กลับหน้าหลัก

Brief Record : Get Marc (ISO 2709) : E-mail record : QR code < ปิดหน้าต่าง
LEADER : 00000nam 2200000uu 4500
001    13399122652
003     ULIB
008    020711s2556 th a 000 0 tha d
020    9786162792670
060  4 WA13^bห159
100    จริยาภรณ์ กระบวนแสง
245    1 ทศวรรษ ดัชนีสุขภาพคนไทย (2546,2548-2556). /^cโดย จริยาภรณ์ กระบวนแสง
250    พิมพ์ครั้งที่ 1
260    นครปฐม :^bสถาบันวิจัยประชากรและสังคม,^c2556
300    110 หน้า
650    ดัชนีสุขภาพ
710    สำนักงานกองทุนสนับสนุนการสร้างเสริมสุขภาพ(สสส.)
710 1  มหาวิทยาลัยมหิดล.^bสถาบันวิจัยประชากรและสังคม(วปส.)
945    ^p0^l0^i20108
995    ทศพร
999    ^aทศพร เกษรทอง
รายการนี้ยังไม่มีแท็ก
คุณยังไม่ได้ล็อกอิน คุณสามารถมีกิจกรรมร่วมกับเว็บไซต์ได้ แต่ต้องล็อกอินก่อน ::
  ล็อกอิน

รายการสื่อสารสนเทศ

ลำดับที่ ประเภท เลขเรียก/บาร์โค้ด สถานที่ สถานะ
1. Book การพยาบาล
Book การพยาบาล
WA13 ห159 ฉ.1 
  Barcode: 20108
ห้องสมุดวิทยาเขตนครสวรรค์
►หนังสือทั่วไป:l:General Books
บนชั้น

รายการใกล้เคียง
    หัวเรื่อง [ดัชนีสุขภาพ]

BibComment


ยังไม่เคยถูกคอมเมนท์

คอมเมนท์ทรัพยากรรายการนี้
  คอมเมนท์: 1 ทศวรรษ ดัชนีสุข..


 Copyright 2026. Bcnsprnw @Library